Fes-te amic del comerç just
Publicado:
Barcelona :
Diputació de Barcelona, Àrea de Govern, Gabinet de Relacions Internacionals, D.L. 2003
Descripción Física:
1 díptic ; 21 cm
Materias:
Moviment antiglobalització -- Catalunya
MARC
| LEADER | 00000nam a2200000Ia 4500 | ||
|---|---|---|---|
| 001 | 15976 | ||
| 008 | 160829s9999 xx 000 0 cat d | ||
| 080 | |a FU-41-30 | ||
| 245 | |a Fes-te amic del comerç just | ||
| 260 | |a Barcelona : |b Diputació de Barcelona, Àrea de Govern, Gabinet de Relacions Internacionals, D.L. 2003 | ||
| 300 | |a 1 díptic ; |c 21 cm | ||
| 590 | |a A la part superior de la portada: Diputació de Barcelona, Xarxa de Municipis, Àrea de Govern, Gabinet de Relacions Internacionals | ||
| 650 | |a Moviment antiglobalització |x Catalunya |9 39188 | ||
| 710 | 1 | |a Barcelona (Catalunya : Província). |b Gabinet de Relacions Internacionals |9 13543 | |
| 901 | |a Arxiu | ||
| 942 | |n 1 | ||
| 952 | |0 0 |1 0 |4 0 |6 FU4130 |7 1 |9 48853 |a Arxiu |b Arxiu |d 2016-12-01 |l 0 |o FU-41-30 |p 15976 |r 2016-12-01 00:00:00 |w 2016-12-01 |y ARXIU | ||
| 999 | |c 52688 |d 52688 | ||